| 000 | 00554nam a2200193Ia 4500 | ||
|---|---|---|---|
| 005 | 20250508161508.0 | ||
| 008 | 008 250505s9999 xx 000 0 eng d | ||
| 037 | _aTextual | ||
| 040 |
_aFEDL _beng _cFEDL |
||
| 041 |
_aeng _2eng |
||
| 084 |
_aB, GAN _qFEDL |
||
| 100 | _aPyarelal | ||
| 245 | 0 | _aPilgrimage for peace: Gandhi and frontier Gandhi among N.W.F. pathans | |
| 260 |
_aAhmedabad, India _bNavjivan Prakashan Mandir _c1950 |
||
| 300 | _aiii,216p. | ||
| 365 |
_aINR _b6.55 |
||
| 942 |
_cTEXL _hB, GAN |
||
| 999 |
_c1370309 _d1370309 |
||